gender and science / (Record no. 15065)
[ view plain ]
| 000 -LEADER | |
|---|---|
| fixed length control field | 02195nam a2200265 a 4500 |
| 001 - CONTROL NUMBER | |
| control field | ASIN0415213584 |
| 005 - DATE AND TIME OF LATEST TRANSACTION | |
| control field | 20170105102910.0 |
| 008 - FIXED-LENGTH DATA ELEMENTS--GENERAL INFORMATION | |
| fixed length control field | 131025s2000 xxu eng d |
| 020 ## - INTERNATIONAL STANDARD BOOK NUMBER | |
| International Standard Book Number | 0415213584 (paperback) |
| Terms of availability | $48.95 |
| 020 ## - INTERNATIONAL STANDARD BOOK NUMBER | |
| International Standard Book Number | 9788175969254 (paperback) |
| 040 ## - CATALOGING SOURCE | |
| Original cataloging agency | a |
| 050 04 - LIBRARY OF CONGRESS CALL NUMBER | |
| Classification number | Q130 |
| 082 04 - DEWEY DECIMAL CLASSIFICATION NUMBER | |
| Classification number | 500.82 |
| Author Mark | GEN 2012 |
| 245 04 - TITLE STATEMENT | |
| Title | gender and science / |
| Statement of responsibility, etc. | edited by Neelam Kumar |
| Remainder of title | studies in culture |
| 250 ## - EDITION STATEMENT | |
| Edition statement | 1st ed. |
| 260 ## - PUBLICATION, DISTRIBUTION, ETC. | |
| Place of publication, distribution, etc. | [S.l.] : |
| Name of publisher, distributor, etc. | Foundation books, |
| Date of publication, distribution, etc. | 2012 |
| 300 ## - PHYSICAL DESCRIPTION | |
| Extent | 528 p. ; |
| Dimensions | 25 cm. |
| 520 ## - SUMMARY, ETC. | |
| Summary, etc. | The Gender and Science Reader brings together key writings by leading scholars to provide a comprehensive feminist analysis of the nature and practice of science. Challenging the self-proclaimed objectivity of scientific practice, the contributors uncover the gender, class and racial prejudices of modern science. The Reader draws from a range of media, including feminist criticism, scientific literature, writings about scientific education, and the popular press. Articles are grouped into six thematic sections which address: * Women in Science - women's access to study and employment in science, combining both analytical evidence and personal testimonies * Creating Andocentric Science - exploring the gendered origins of science at the time of the Enlightenment * Analyzing Gendered Science - feminist methodologies and epistemology for the study of science * Gendered Praxis - examples of how gender bias can affect and distort scientific work * Science and Identity - how science reinforces gender and racial stereotypes * Feminist Re-Structuring of Science - what is the future of feminist science studies? In addition to a general introduction by the editors to the volume, and introductions to each of the thematic sections, the Reader also includes a comprehensive bibliography of feminist science studies, making it an indispensible resource for anyone involved in the teaching, research or study of science. |
| 650 #0 - SUBJECT ADDED ENTRY--TOPICAL TERM | |
| Topical term or geographic name entry element | Feminism |
| 650 #0 - SUBJECT ADDED ENTRY--TOPICAL TERM | |
| Topical term or geographic name entry element | Women in science |
| 700 1# - ADDED ENTRY--PERSONAL NAME | |
| Personal name | Bartsch, Ingrid. |
| 700 1# - ADDED ENTRY--PERSONAL NAME | |
| Personal name | Lederman, Muriel. |
| 856 40 - ELECTRONIC LOCATION AND ACCESS | |
| Materials specified | Amazon.com |
| Uniform Resource Identifier | <a href="http://www.amazon.com/exec/obidos/ASIN/0415213584/chopaconline-20">http://www.amazon.com/exec/obidos/ASIN/0415213584/chopaconline-20</a> |
| 942 ## - ADDED ENTRY ELEMENTS (KOHA) | |
| Source of classification or shelving scheme | |
| Koha item type | Book |
| Withdrawn status | Lost status | Damaged status | Not for loan | Collection code | Permanent Location | Current Location | Shelving location | Date acquired | Total Checkouts | Full call number | Barcode | Date last seen | Price effective from | Koha item type |
|---|---|---|---|---|---|---|---|---|---|---|---|---|---|---|
| Centre for International Peace & Stability (CIPS) | Centre for International Peace & Stability (CIPS) | General Stacks | 10/01/2013 | 500.82 GEN 2012 | CIPS0001256 | 10/25/2013 | 10/25/2013 | Book |
